| 000 | 00608cam a2200181 i 4500 | ||
|---|---|---|---|
| 005 | 20251109113040.0 | ||
| 008 | 250721s2007 jo gr 000 0 ara d | ||
| 082 | 1 | 4 |
_a155.4 _bك ت ا |
| 100 | 1 |
_aكتاني، منذر ابراهيم _eمؤلف. |
|
| 245 | 1 | 2 |
_aالخجل / _cمنذر إبراهيم كتاني. |
| 264 | 3 | 1 |
_aاربد : _bمنذر إبراهيم كتاني، _c2007. |
| 300 | _a150 صفحة. | ||
| 650 | 1 | 7 | _aالخجل. |
| 650 | 1 | 7 | _aعلم النفس الفسيولوجي. |
| 650 | 1 | 7 | _aسيكولوجية الشخصية. |
| 942 |
_2ddc _cBK |
||
| 999 |
_c100670 _d100670 |
||